[Event "Vezerkepzo GM Christmas 2021"]
[Site "Budapest"]
[Date "2022.01.03"]
[Round "8.4"]
[White "Sahithi Varshini M"]
[Black "Aditya Vikram Paul"]
[Result "1-0"]
[WhiteElo "2216"]
[BlackElo "2281"]
[Annotator "ChessBase"]
[PlyCount "63"]
[EventDate "2021.12.26"]
[EventCountry "HUN"]
[SourceTitle "playchess.com"]
[Source "ChessBase"]
[SourceQuality "1"]
[TimeControl "40/5400+30:1800+30"]

1. d4 {[%emt 0:01:27]} Nf6 {[%emt 0:00:16]} 2. Bf4 {[%emt 0:00:28]} d5 {[%emt 0:00:18]} 3. Nf3 {[%emt 0:00:37]} c5 {[%emt 0:00:32]} 4. e3 {[%emt 0:00:10]} Bg4 {[%emt 0:00:49]} 5. Be2 {[%emt 0:01:02]} e6 {[%emt 0:00:08]} 6. c3 {[%emt 0:00:42]} Be7 {[%emt 0:01:13]} 7. Nbd2 {[%emt 0:00:07]} O-O {[%emt 0:00:06]} 8. O-O {[%emt 0:01:29]} h6 {[%emt 0:00:24]} 9. Ne5 {[%emt 0:01:20]} Bf5 {[%emt 0:01:21]} 10. h3 {[%emt 0:03:51]} Nbd7 {[%emt 0:04:33]} 11. Bd3 {[%emt 0:04:15]} Bxd3 {[%emt 0:04:09]} 12. Nxd3 {[%emt 0:00:03]} c4 {[%emt 0:00:12]} 13. Ne5 {[%emt 0:00:09]} Nxe5 {[%emt 0:00:06]} 14. dxe5 {[%emt 0:01:23]} Nd7 {[%emt 0:00:14]} 15. Nf3 {[%emt 0:09:42]} Nc5 {[%emt 0:00:26]} 16. Qe2 {[%emt 0:00:02]} b5 {[%emt 0:01:06]} 17. Nd4 {[%emt 0:00:51]} Qb6 {[%emt 0:00:14]} 18. Qh5 {[%emt 0:17:02]} Kh7 {[%emt 0:04:54]} 19. g4 {[%emt 0:02:25]} Nd3 {[%emt 0:02:47]} 20. g5 {[%emt 0:02:21]} b4 {[%emt 0:03:04]} 21. Kh2 {[%emt 0:03:07]} Nxf4 {[%emt 0:03:04]} 22. exf4 {[%emt 0:00:02]} bxc3 {[%emt 0:00:22]} 23. bxc3 {[%emt 0:00:09]} Qb2 {[%emt 0:00:36]} 24. gxh6 {[%emt 0:03:02]} g6 {[%emt 0:01:43]} 25. Qf3 {[%emt 0:00:03]} Qa3 {[%emt 0:05:08]} 26. Qg3 {[%emt 0:01:51]} Bc5 {[%emt 0:05:48]} 27. Nf3 {[%emt 0:01:25]} Kxh6 {[%emt 0:01:11]} 28. f5 {[%emt 0:04:29]} exf5 {[%emt 0:01:02]} 29. Qh4+ {[%emt 0:00:08]} Kg7 {[%emt 0:00:58]} 30. Qf6+ {[%emt 0:00:03]} Kh6 {[%emt 0:01:20]} 31. Nh4 {[%emt 0:00:41]} Kh7 {[%emt 0:01:27]} 32. Nxf5 {[%emt 0:00:23]} 1-0

[Event "Vezerkepzo GM Christmas 2021"]
[Site "Budapest"]
[Date "2022.01.03"]
[Round "8.5"]
[White "Nagy, Gabor"]
[Black "Kojima, Shinya"]
[Result "1-0"]
[WhiteElo "2527"]
[BlackElo "2392"]
[Annotator "ChessBase"]
[PlyCount "103"]
[EventDate "2021.12.26"]
[EventCountry "HUN"]
[SourceTitle "playchess.com"]
[Source "ChessBase"]
[SourceQuality "1"]
[TimeControl "40/5400+30:1800+30"]

1. c4 {[%emt 0:05:35]} c6 {[%emt 0:00:07]} 2. d4 {[%emt 0:00:26]} d5 {[%emt 0:00:08]} 3. Nf3 {[%emt 0:00:24]} Nf6 {[%emt 0:00:08]} 4. e3 {[%emt 0:00:29]} Bg4 {[%emt 0:03:49]} 5. h3 {[%emt 0:00:36]} Bxf3 {[%emt 0:00:34]} 6. Qxf3 {[%emt 0:00:26]} e6 {[%emt 0:00:06]} 7. Bd3 {[%emt 0:00:37]} Nbd7 {[%emt 0:00:38]} 8. O-O {[%emt 0:00:52]} Bd6 {[%emt 0:01:36]} 9. Nc3 {[%emt 0:01:08]} O-O {[%emt 0:00:37]} 10. Bd2 {[%emt 0:02:26]} Re8 {[%emt 0:02:23]} 11. Rad1 {[%emt 0:02:09]} Qe7 {[%emt 0:01:44]} 12. Qe2 {[%emt 0:07:53]} dxc4 {[%emt 0:04:23]} 13. Bxc4 {[%emt 0:00:23]} Nb6 {[%emt 0:00:29]} 14. Bd3 {[%emt 0:03:40]} e5 {[%emt 0:01:06]} 15. dxe5 {[%emt 0:00:43]} Bxe5 {[%emt 0:02:03]} 16. Rfe1 {[%emt 0:03:49]} Nbd5 {[%emt 0:03:12]} 17. Nxd5 {[%emt 0:00:47]} Nxd5 {[%emt 0:00:33]} 18. Bc1 {[%emt 0:00:38]} g6 {[%emt 0:04:26]} 19. a3 {[%emt 0:00:34]} Bc7 {[%emt 0:05:23]} 20. g3 {[%emt 0:00:50]} Bb6 {[%emt 0:09:17]} 21. Kg2 {[%emt 0:02:34]} h5 {[%emt 0:11:00]} 22. h4 {[%emt 0:05:19]} Nf6 {[%emt 0:02:14]} 23. f3 {[%emt 0:02:09]} Kg7 {[%emt 0:20:44]} 24. e4 {[%emt 0:00:43]} Nd7 {[%emt 0:04:56]} 25. b4 {[%emt 0:00:46]} Ne5 {[%emt 0:01:35]} 26. Bb2 {[%emt 0:00:50]} Kg8 {[%emt 0:06:38]} 27. Bc2 {[%emt 0:00:13]} Rad8 {[%emt 0:01:22]} 28. Bb3 {[%emt 0:00:26]} Rxd1 {[%emt 0:01:41]} 29. Rxd1 {[%emt 0:00:28]} Rd8 {[%emt 0:01:19]} 30. Rxd8+ {[%emt 0:00:12]} Bxd8 {[%emt 0:00:08]} 31. Qe3 {[%emt 0:01:11]} Qd6 {[%emt 0:05:16]} 32. Qd4 {[%emt 0:01:21]} Bc7 {[%emt 0:04:52]} 33. f4 {[%emt 0:00:21]} Qxd4 {[%emt 0:00:09]} 34. Bxd4 {[%emt 0:00:03]} Nd7 {[%emt 0:00:35]} 35. Bxa7 {[%emt 0:00:31]} Bb6 {[%emt 0:00:24]} 36. Bxb6 {[%emt 0:00:07]} Nxb6 {[%emt 0:00:05]} 37. Kf3 {[%emt 0:00:09]} Kg7 {[%emt 0:01:21]} 38. Ke3 {[%emt 0:00:22]} Nd7 {[%emt 0:01:45]} 39. e5 {[%emt 0:00:54]} Kf8 {[%emt 0:00:39]} 40. Ke4 {[%emt 0:01:11]} Ke7 {[%emt 0:00:32]} 41. f5 {[%emt 0:30:19]} Nf8 {[%emt 0:04:06]} 42. Bd1 {[%emt 0:00:00]} Nd7 {[%emt 0:02:04]} 43. Kf4 {[%emt 0:00:00]} Kf8 {[%emt 0:01:37]} 44. Bb3 {[%emt 0:00:00]} f6 {[%emt 0:04:00]} 45. exf6 {[%emt 0:00:00]} Nxf6 {[%emt 0:01:00]} 46. fxg6 {[%emt 0:00:00]} Kg7 {[%emt 0:00:30]} 47. Bc2 {[%emt 0:00:00]} Kh6 {[%emt 0:03:25]} 48. Ke5 {[%emt 0:00:00]} Nd5 {[%emt 0:06:13]} 49. Kd6 {[%emt 0:00:00]} Kg7 {[%emt 0:01:52]} 50. Be4 {[%emt 0:00:00]} Nc3 {[%emt 0:02:30]} 51. Bd3 {[%emt 0:00:00]} Nd5 {[%emt 0:00:58]} 52. b5 {[%emt 0:00:00]} 1-0

[Event "Vezerkepzo GM Christmas 2021"]
[Site "Budapest"]
[Date "2022.01.04"]
[Round "9.1"]
[White "Kojima, Shinya"]
[Black "Avinash Ramesh"]
[Result "1/2-1/2"]
[WhiteElo "2392"]
[BlackElo "2391"]
[Annotator "ChessBase"]
[PlyCount "111"]
[EventDate "2021.12.26"]
[EventCountry "HUN"]
[SourceTitle "playchess.com"]
[Source "ChessBase"]
[SourceQuality "1"]
[TimeControl "40/5400+30:1800+30"]

1. d4 {[%emt 0:00:04]} Nf6 {[%emt 0:00:05]} 2. c4 {[%emt 0:00:06]} g6 {[%emt 0:00:02]} 3. Nf3 {[%emt 0:00:14]} Bg7 {[%emt 0:00:06]} 4. Nc3 {[%emt 0:00:08]} d5 {[%emt 0:00:06]} 5. Bg5 {[%emt 0:00:11]} dxc4 {[%emt 0:01:11]} 6. e4 {[%emt 0:00:53]} c5 {[%emt 0:00:05]} 7. Bxc4 {[%emt 0:00:38]} Qa5 {[%emt 0:06:40]} 8. O-O {[%emt 0:06:02]} cxd4 {[%emt 0:02:21]} 9. Bb5+ {[%emt 0:16:06]} Nc6 {[%emt 0:11:12]} 10. Qxd4 {[%emt 0:11:44]} O-O {[%emt 0:00:37]} 11. Bxc6 {[%emt 0:04:48]} bxc6 {[%emt 0:00:07]} 12. e5 {[%emt 0:01:49]} Nd7 {[%emt 0:08:59]} 13. Bxe7 {[%emt 0:01:06]} Re8 {[%emt 0:02:09]} 14. Qh4 {[%emt 0:07:43]} Nxe5 {[%emt 0:09:48]} 15. Nxe5 {[%emt 0:00:15]} Qxe5 {[%emt 0:00:42]} 16. Rfe1 {[%emt 0:01:42]} Qh5 {[%emt 0:01:11]} 17. Bf6 {[%emt 0:22:15]} Rxe1+ {[%emt 0:02:07]} 18. Rxe1 {[%emt 0:00:02]} Qxh4 {[%emt 0:00:48]} 19. Re8+ {[%emt 0:00:35]} Bf8 {[%emt 0:00:02]} 20. Bxh4 {[%emt 0:00:08]} Bb7 {[%emt 0:00:03]} 21. Rxa8 {[%emt 0:00:21]} Bxa8 {[%emt 0:00:02]} 22. Bg5 {[%emt 0:07:11]} Bb7 {[%emt 0:06:35]} 23. Be3 {[%emt 0:03:16]} a6 {[%emt 0:00:12]} 24. Kf1 {[%emt 0:03:58]} f5 {[%emt 0:01:25]} 25. Ke2 {[%emt 0:01:28]} Kf7 {[%emt 0:00:10]} 26. Na4 {[%emt 0:01:51]} Bc8 {[%emt 0:00:26]} 27. Kd3 {[%emt 0:01:28]} Be6 {[%emt 0:00:11]} 28. b3 {[%emt 0:00:21]} Bd5 {[%emt 0:00:15]} 29. f3 {[%emt 0:01:01]} Bd6 {[%emt 0:01:27]} 30. h3 {[%emt 0:00:48]} Ke6 {[%emt 0:00:07]} 31. Bc5 {[%emt 0:01:11]} Bh2 {[%emt 0:00:03]} 32. Bb6 {[%emt 0:01:13]} Bd6 {[%emt 0:00:11]} 33. Bc5 {[%emt 0:00:31]} Bh2 {[%emt 0:00:02]} 34. Bb4 {[%emt 0:01:21]} Bg1 {[%emt 0:00:17]} 35. Bd2 {[%emt 0:02:36]} c5 {[%emt 0:01:00]} 36. Be3 {[%emt 0:01:46]} Bxe3 {[%emt 0:00:06]} 37. Kxe3 {[%emt 0:00:04]} Kd6 {[%emt 0:00:01]} 38. Nb2 {[%emt 0:01:16]} a5 {[%emt 0:05:25]} 39. h4 {[%emt 0:00:35]} Ke5 {[%emt 0:02:27]} 40. Nd3+ {[%emt 0:00:21]} Kd6 {[%emt 0:00:01]} 41. Nb2 {[%emt 0:30:31]} Ke5 {[%emt 0:30:02]} 42. f4+ {[%emt 0:00:00]} Kd6 {[%emt 0:00:00]} 43. g3 {[%emt 0:00:00]} Kc6 {[%emt 0:00:00]} 44. Kd2 {[%emt 0:00:00]} Kd6 {[%emt 0:00:00]} 45. Kc3 {[%emt 0:00:00]} Kc7 {[%emt 0:00:00]} 46. Nd3 {[%emt 0:00:00]} Kd6 {[%emt 0:00:00]} 47. Ne5 {[%emt 0:00:00]} Kc7 {[%emt 0:00:00]} 48. Nd3 {[%emt 0:00:00]} Kd6 {[%emt 0:00:00]} 49. Nf2 {[%emt 0:00:00]} Be6 {[%emt 0:00:00]} 50. Nh3 {[%emt 0:00:00]} Kc6 {[%emt 0:00:00]} 51. Ng5 {[%emt 0:00:00]} Bg8 {[%emt 0:00:00]} 52. Nf3 {[%emt 0:00:00]} Kd6 {[%emt 0:00:00]} 53. Ne5 {[%emt 0:00:00]} Be6 {[%emt 0:00:00]} 54. Nf3 {[%emt 0:02:27]} Bd5 {[%emt 0:00:00]} 55. Nd2 {[%emt 0:01:04]} Be6 {[%emt 0:00:00]} 56. Nf3 {[%emt 0:01:34]} 1/2-1/2

[Event "Vezerkepzo GM Christmas 2021"]
[Site "Budapest"]
[Date "2022.01.04"]
[Round "9.2"]
[White "Aditya Vikram Paul"]
[Black "Nagy, Gabor"]
[Result "1/2-1/2"]
[WhiteElo "2281"]
[BlackElo "2527"]
[Annotator "ChessBase"]
[PlyCount "84"]
[EventDate "2021.12.26"]
[EventCountry "HUN"]
[SourceTitle "playchess.com"]
[Source "ChessBase"]
[SourceQuality "1"]
[TimeControl "40/5400+30:1800+30"]

1. d4 {[%emt 0:00:05]} Nf6 {[%emt 0:00:50]} 2. c4 {[%emt 0:00:05]} c5 {[%emt 0:00:31]} 3. Nf3 {[%emt 0:00:06]} cxd4 {[%emt 0:00:16]} 4. Nxd4 {[%emt 0:00:06]} Nc6 {[%emt 0:00:23]} 5. Nc3 {[%emt 0:00:38]} Qb6 {[%emt 0:03:02]} 6. Nc2 {[%emt 0:01:52]} e6 {[%emt 0:01:21]} 7. g3 {[%emt 0:02:06]} d5 {[%emt 0:00:31]} 8. e3 {[%emt 0:03:29]} dxc4 {[%emt 0:01:32]} 9. Bxc4 {[%emt 0:00:07]} Be7 {[%emt 0:04:45]} 10. O-O {[%emt 0:00:28]} O-O {[%emt 0:00:15]} 11. e4 {[%emt 0:02:27]} a6 {[%emt 0:01:06]} 12. Qe2 {[%emt 0:01:40]} Nd7 {[%emt 0:02:09]} 13. Rb1 {[%emt 0:03:41]} Qc7 {[%emt 0:01:52]} 14. a3 {[%emt 0:02:54]} b5 {[%emt 0:00:49]} 15. Ba2 {[%emt 0:00:04]} Bb7 {[%emt 0:01:17]} 16. Bf4 {[%emt 0:04:17]} Nde5 {[%emt 0:01:10]} 17. Rfd1 {[%emt 0:01:46]} Rad8 {[%emt 0:00:53]} 18. Rxd8 {[%emt 0:03:18]} Rxd8 {[%emt 0:00:19]} 19. Rd1 {[%emt 0:00:04]} h6 {[%emt 0:00:46]} 20. Qh5 {[%emt 0:08:43]} Bf6 {[%emt 0:01:33]} 21. Kg2 {[%emt 0:02:39]} Rxd1 {[%emt 0:01:12]} 22. Qxd1 {[%emt 0:00:09]} Qd7 {[%emt 0:03:45]} 23. Qxd7 {[%emt 0:01:31]} Nxd7 {[%emt 0:00:13]} 24. f3 {[%emt 0:01:54]} Nde5 {[%emt 0:01:24]} 25. Bxe5 {[%emt 0:04:26]} Bxe5 {[%emt 0:00:26]} 26. Kf2 {[%emt 0:00:59]} Kf8 {[%emt 0:00:16]} 27. f4 {[%emt 0:02:17]} Bc7 {[%emt 0:00:18]} 28. Ke3 {[%emt 0:01:40]} Bb6+ {[%emt 0:00:16]} 29. Kd3 {[%emt 0:00:25]} Ke7 {[%emt 0:00:24]} 30. Ne2 {[%emt 0:01:02]} Nb8 {[%emt 0:01:00]} 31. b4 {[%emt 0:01:53]} Nd7 {[%emt 0:00:14]} 32. e5 {[%emt 0:01:51]} f6 {[%emt 0:03:59]} 33. Ned4 {[%emt 0:06:22]} fxe5 {[%emt 0:00:27]} 34. Nxe6 {[%emt 0:00:06]} g6 {[%emt 0:01:20]} 35. Ne3 {[%emt 0:02:44]} exf4 {[%emt 0:02:52]} 36. gxf4 {[%emt 0:01:09]} Kd6 {[%emt 0:00:47]} 37. Ng4 {[%emt 0:06:08]} h5 {[%emt 0:00:35]} 38. Ne3 {[%emt 0:06:28]} Nf6 {[%emt 0:00:31]} 39. Ng5 {[%emt 0:00:20]} Bxe3 {[%emt 0:04:58]} 40. Kxe3 {[%emt 0:00:26]} Ng4+ {[%emt 0:00:06]} 41. Kd4 {[%emt 0:33:01]} Nxh2 {[%emt 0:30:10]} 42. Bf7 {[%emt 0:00:42]} Nf3+ {[%emt 0:00:26]} 1/2-1/2

[Event "Vezerkepzo GM Christmas 2021"]
[Site "Budapest"]
[Date "2022.01.04"]
[Round "9.3"]
[White "Leszko, Bence"]
[Black "Sahithi Varshini M"]
[Result "1/2-1/2"]
[WhiteElo "2253"]
[BlackElo "2216"]
[Annotator "ChessBase"]
[PlyCount "68"]
[EventDate "2021.12.26"]
[EventCountry "HUN"]
[SourceTitle "playchess.com"]
[Source "ChessBase"]
[SourceQuality "1"]
[TimeControl "40/5400+30:1800+30"]

1. Nf3 {[%emt 0:27:11]} Nf6 {[%emt 0:00:17]} 2. c4 {[%emt 0:00:08]} e6 {[%emt 0:00:17]} 3. g3 {[%emt 0:00:18]} d5 {[%emt 0:01:01]} 4. Bg2 {[%emt 0:00:27]} c6 {[%emt 0:01:04]} 5. O-O {[%emt 0:00:25]} Bd6 {[%emt 0:00:02]} 6. b3 {[%emt 0:00:34]} Nbd7 {[%emt 0:00:08]} 7. Bb2 {[%emt 0:00:09]} O-O {[%emt 0:01:11]} 8. d3 {[%emt 0:00:05]} Qe7 {[%emt 0:02:55]} 9. Qc2 {[%emt 0:00:26]} Re8 {[%emt 0:02:16]} 10. cxd5 {[%emt 0:01:14]} exd5 {[%emt 0:00:22]} 11. Re1 {[%emt 0:00:16]} Ne5 {[%emt 0:02:16]} 12. Nbd2 {[%emt 0:00:12]} Qc7 {[%emt 0:07:50]} 13. e4 {[%emt 0:00:58]} dxe4 {[%emt 0:05:53]} 14. dxe4 {[%emt 0:00:09]} Nfd7 {[%emt 0:03:09]} 15. Nd4 {[%emt 0:00:35]} Nc5 {[%emt 0:01:15]} 16. Bc3 {[%emt 0:03:16]} a5 {[%emt 0:00:41]} 17. f4 {[%emt 0:01:04]} Ned3 {[%emt 0:01:14]} 18. Re3 {[%emt 0:01:28]} Nb4 {[%emt 0:04:07]} 19. Qd1 {[%emt 0:02:47]} Nd5 {[%emt 0:02:31]} 20. Rf3 {[%emt 0:14:02]} Nxe4 {[%emt 0:00:04]} 21. Nxe4 {[%emt 0:00:17]} Rxe4 {[%emt 0:00:03]} 22. Rd3 {[%emt 0:03:37]} Nxc3 {[%emt 0:00:39]} 23. Rxc3 {[%emt 0:00:02]} Re7 {[%emt 0:00:02]} 24. Nxc6 {[%emt 0:04:09]} bxc6 {[%emt 0:07:26]} 25. Rxc6 {[%emt 0:00:12]} Qa7+ {[%emt 0:00:02]} 26. Kh1 {[%emt 0:00:07]} Bc7 {[%emt 0:00:03]} 27. Rxc7 {[%emt 0:01:50]} Qxc7 {[%emt 0:00:02]} 28. Bxa8 {[%emt 0:00:14]} Bb7+ {[%emt 0:57:40]} 29. Bxb7 {[%emt 0:38:48]} Qxb7+ {[%emt 0:00:30]} 30. Kg1 {[%emt 0:00:30]} Qb6+ {[%emt 0:00:30]} 31. Kg2 {[%emt 0:00:30]} Qc6+ {[%emt 0:00:30]} 32. Kg1 {[%emt 0:00:30]} Qb6+ {[%emt 0:00:30]} 33. Kg2 {[%emt 0:00:30]} Qc6+ {[%emt 0:00:30]} 34. Kg1 {[%emt 0:00:30]} Qb6+ {[%emt 0:00:30]} 1/2-1/2

[Event "Vezerkepzo GM Christmas 2021"]
[Site "Budapest"]
[Date "2022.01.04"]
[Round "9.4"]
[White "Ajay Krishna, S."]
[Black "Mihok, Oliver"]
[Result "1-0"]
[WhiteElo "2401"]
[BlackElo "2536"]
[Annotator "TA"]
[PlyCount "68"]
[EventDate "2021.12.26"]
[EventCountry "HUN"]
[SourceTitle "playchess.com"]
[Source "ChessBase"]
[SourceQuality "1"]

{[%evp 16,68,37,32,58,39,38,23,25,19,38,-11,-7,-10,0,0,82,75,93,12,70,77,96,111,101,100,270,273,290,293,446,445,400,479,453,478,480,470,433,460,458,437,516,528,527,529,581,607,591,546,779,728,1622,1443,1816]} 1. d4 {[%cal Bd2d4,Bd4d5][%mdl 32] ChessBase II} Nf6 2. c4 {[%cal Bc2c4,Bc4b5,Bb5a6][%mdl 32]} g6 3. Nf3 Bg7 4. g3 c5 5. d5 b5 6. cxb5 a6 7. bxa6 d6 8. Nc3 O-O 9. Bg2 Nbd7 {A58: Benko/Volga Gambit: Lines with 5 bxa6.} 10. O-O Nb6 11. Ne1 Bxa6 {White has an edge.} 12. Nc2 Ng4 {[#]} 13. a4 $146 (13. h3 $14 Nh6 14. b3 $1) ({Predecessor:} 13. Na3 Qd7 14. h3 Nh6 15. Re1 Nf5 16. Bd2 Rfb8 17. Rb1 Bc4 18. Qc1 Bxc3 19. Bxc3 Bxa2 {½-½ (32) Maiorov,N (2531)-Bauer,C (2639) Vaujany 2017 EXT 2018 [ChessBase II]}) 13... Nc4 $11 {[%mdl 1024] Black has compensation.} 14. h3 Nge5 {[%cal Oc4b2]} 15. b3 Na5 (15... Nd7 $11 {remains equal.} 16. bxc4 Bxc3) 16. Rb1 $36 {[%mdl 2048] White has strong initiative.} Rb8 {[#]} 17. b4 ({White should try} 17. Na3 $1 $16) 17... cxb4 ({Black should play} 17... Nac4 $1 $11) 18. Nxb4 $14 Bc4 {Prevents Nb5.} 19. Nb5 {[%cal Bc3b5,Bb5d4,Bd4c6][%mdl 32] Prevents Qc7.} Qe8 {Prevents Nc6.} 20. Nd4 Nd7 $2 {Loses the game.} (20... e6 $16) 21. Be3 $18 Nc5 22. Ndc6 Ra8 (22... Bb3 $142 23. Qc1 Rxb4) 23. Nxa5 Rxa5 24. Nc6 Ra8 {White is clearly winning.} 25. Bxc5 dxc5 26. Qc2 Ba6 27. Qxc5 Bf6 28. Rfe1 Qd7 29. e4 {[%cal Be2e4,Be4e5][%mdl 32] Hoping for e5.} Qd6 30. Qe3 Bg7 31. e5 Qd7 32. Qc5 {aiming for e6.} Rfe8 33. e6 Qd6 34. exf7+ Kxf7 {Weighted Error Value: White=0.10 (very precise) /Black=0.35} 1-0

[Event "Vezerkepzo GM Christmas 2021"]
[Site "Budapest"]
[Date "2022.01.04"]
[Round "9.5"]
[White "Pechac, Jergus"]
[Black "Trost, Edvin"]
[Result "1-0"]
[WhiteElo "2584"]
[BlackElo "2271"]
[Annotator "TA"]
[PlyCount "89"]
[EventDate "2021.12.26"]
[EventCountry "HUN"]
[SourceTitle "playchess.com"]
[Source "ChessBase"]
[SourceQuality "1"]

{[%evp 11,89,29,28,10,28,13,41,34,49,47,59,27,30,31,68,35,55,25,45,18,12,12,14,10,43,7,6,6,17,13,41,39,122,116,105,103,127,126,130,125,156,171,198,197,231,119,142,138,470,371,371,370,362,313,313,239,235,226,319,310,522,376,522,364,522,0,522,493,407,399,29981,29982,29993,29994,29994,29995,29995,29996,29996,29997]} 1. c4 c6 2. d4 d5 3. Nf3 Nf6 4. e3 Bf5 5. Nc3 e6 6. Nh4 Bg6 7. Be2 {D12: Slav Defence: 3 Nf3 Nf6 4 e3 Bf5.} Nbd7 8. O-O Ne4 9. g3 {White is slightly better.} Bd6 10. Qb3 {aiming for Nxe4.} Qc7 11. Nxe4 Bxe4 12. f3 Bg6 13. Bd2 {[#]} O-O $146 ({Predecessor:} 13... Bh5 14. Ng2 Nf6 15. cxd5 exd5 16. Nf4 Bg6 17. Rac1 a5 18. Bd3 O-O 19. Nxg6 hxg6 {0-1 (51) Veganzonez Rojo,D (2136)-Martin Duque,J (2394) Madrid 2015}) 14. Rac1 Qb6 15. Qc3 {Strongly threatening c5.} dxc4 {[%cal Og6d3]} 16. Nxg6 hxg6 17. Bxc4 {[%cal Be2c4,Bc4d5,Bd5b7,Bb7a6][%mdl 32]} c5 18. d5 exd5 19. Bxd5 Be5 20. Qb3 Qxb3 (20... Bxb2 {feels hotter.} 21. Rb1 Nf6 22. Bxb7 Qxb3 23. axb3 Rab8) 21. axb3 Rfd8 (21... Rab8 $14) 22. Bxb7 Rab8 {[#]} 23. Ba5 $1 Nb6 (23... Bxb2 24. Rc2) 24. Ba6 {A strong pair of Bishops.} (24. Rxc5 Bd6 25. Rb5 (25. Bxb6 $2 axb6 26. Rd5 Rxb7 $19) 25... Rxb7 $17) 24... Bxb2 25. Rxc5 Re8 26. Kf2 Ba3 27. b4 {Hoping for Rb1.} Na4 28. Rc4 (28. Rc6 $18) 28... Re6 $16 {[#]} 29. Ra1 $1 Bxb4 {[%mdl 8192]} (29... Bb2 $16 30. Rxa4 Rxa6) 30. Rxa4 ({Less strong is} 30. Bxb4 Rxa6 31. Bc3 Nb6 32. Rxa6 Nxc4 33. Rxa7 Rb3 $16) ({Not} 30. Rxb4 Rxb4 31. Bxb4 Rxa6 $16) 30... Bxa5 31. Rxa5 Rb2+ 32. Kg1 {Threatens to win with Rc8+.} Rxe3 {[%cal Re3e1]} 33. Rc1 {To avoid Re1+. And now f4 would win.} ({Don't play} 33. Rc8+ Kh7 34. Rc1 Rxf3 $18) 33... Rxf3 34. Bf1 Rff2 (34... Kh7 $142 35. Rxa7 f6) 35. Rxa7 $18 g5 $2 (35... Kh7 36. Rcc7 Rxh2 37. Rxf7 Kh6 38. Rxg7 Rhf2) 36. Rc8+ Kh7 37. Rcc7 Kg8 (37... Kg6 {keeps fighting.} 38. Rd7 Rbd2) 38. Rc8+ Kh7 39. Rf8 Kg6 40. Bd3+ f5 $2 (40... Kh5 $18 41. h3 Rg2+ 42. Kf1 Rbf2+ 43. Ke1 Rf6 44. Raxf7 Re6+ 45. Kf1 Rxg3) 41. Ra6+ {White mates.} Kh5 42. h3 {[%cal Rf8h8]} Rg2+ 43. Kf1 {[%cal Rf8h8]} Rbf2+ 44. Ke1 {[%cal Rf8h8]} Rg1+ 45. Kxf2 {Weighted Error Value: White=0.30/Black=0.60} 1-0